Normal view
MARC view
Entry Personal Name
001 - CONTROL NUMBER
- control field: 84025
003 - CONTROL NUMBER IDENTIFIER
- control field: OSt
005 - DATE AND TIME OF LATEST TRANSACTION
- control field: 20260410152514.0
008 - FIXED-LENGTH DATA ELEMENTS
- fixed length control field: 260410|| aca||aabn | a|a d
040 ## - CATALOGING SOURCE
- Original cataloging agency: OSt
- Transcribing agency: OSt
100 ## - HEADING--PERSONAL NAME
- Personal name: TR.Poonam saxena
670 ## - SOURCE DATA FOUND
- Source citation: Work cat.: (OSt)69046: TR.Poonam saxena, Greatest hindi stories ever told, 2020









